000 00459pab a2200181 454500
008 180718b2005 xxu||||| |||| 00| 0 eng d
100 _aParker, Susan W.
245 _aSchooling inequality and language barriers
260 _c2005
300 _ap.71-94.
362 _aOct
650 _aLanguages
650 _aSchools
700 _aTeruel, Graciela
700 _aRubalcava, Luis
773 _aEconomic Development and Cultural Change
909 _a67567
999 _c67567
_d67567